Considering global claims (Record no. 117707)
[ view plain ]
| 000 -LEADER | |
|---|---|
| fixed length control field | 01661cam a2200265 4500 |
| 001 - CONTROL NUMBER | |
| control field | ABS67983 |
| 008 - FIXED-LENGTH DATA ELEMENTS--GENERAL INFORMATION | |
| fixed length control field | 040715n2004 000 0 eng u |
| 035 ## - SYSTEM CONTROL NUMBER | |
| System control number | (Sirsi) u126791 |
| 100 ## - MAIN ENTRY--PERSONAL NAME | |
| Personal name | Brewer, G. |
| 245 ## - TITLE STATEMENT | |
| Title | Considering global claims |
| 260 ## - PUBLICATION, DISTRIBUTION, ETC. | |
| Date of publication, distribution, etc. | 2004 |
| 490 ## - SERIES STATEMENT | |
| Series statement | Contract Journal |
| Volume/sequential designation | 424(6482) 30 June 2004, 34(1) |
| 520 ## - SUMMARY, ETC. | |
| Summary, etc. | Discusses "John Doyle Construction Ltd v Laing Management (Scotland) Ltd" (CSIH, [2004] BLR 295-307(13) a judgment which reviewed the Outer House judgment (CSOH, [2002] BLR 393). Gives further guidance on the subject of global claims and concurrent causes of delay and loss and expense. Highlights that it may be possible to identify a causal link between particular events for which the employer is responsible and individual items of loss. Also notes if such events can be described as the dominant cause of an item of loss this would be sufficient to establish liability. Further establishes that even if it cannot be said that events for which the employer is responsible are the dominant cause of loss, it may be possible to apportion the loss between the causes. View judgment at www.scotscourts.gov.uk. |
| 590 ## - LOCAL NOTE (RLIN) | |
| Local note | ABS |
| 590 ## - LOCAL NOTE (RLIN) | |
| Local note | ABS |
| 650 ## - SUBJECT ADDED ENTRY--TOPICAL TERM | |
| Topical term or geographic name entry element | JOHN DOYLE CONSTRUCTION LTD V LAING MANAGEMENT (SCOTLAND) LTD |
| 650 ## - SUBJECT ADDED ENTRY--TOPICAL TERM | |
| Topical term or geographic name entry element | SCOTLAND |
| 650 ## - SUBJECT ADDED ENTRY--TOPICAL TERM | |
| Topical term or geographic name entry element | DELAY |
| 650 ## - SUBJECT ADDED ENTRY--TOPICAL TERM | |
| Topical term or geographic name entry element | LOSS |
| 650 ## - SUBJECT ADDED ENTRY--TOPICAL TERM | |
| Topical term or geographic name entry element | GLOBAL CLAIMS |
| 690 ## - LOCAL SUBJECT ADDED ENTRY--TOPICAL TERM (OCLC, RLIN) | |
| Topical term or geographic name as entry element | BUILDING AND CONSTRUCTION-CONTRACTS |
| 856 ## - ELECTRONIC LOCATION AND ACCESS | |
| Uniform Resource Identifier | <a href="https://www.scotcourts.gov.uk/opinionsv/a806.html">https://www.scotcourts.gov.uk/opinionsv/a806.html</a> |
| Public note | View judgment on the Scottish Courts website... |
| 856 ## - ELECTRONIC LOCATION AND ACCESS | |
| Uniform Resource Identifier | <a href="https://www.scotcourts.gov.uk/opinionsv/a806.html">https://www.scotcourts.gov.uk/opinionsv/a806.html</a> |
| Public note | View judgment on the Scottish Courts website... |
| 942 ## - ADDED ENTRY ELEMENTS (KOHA) | |
| Suppress in OPAC | 0 |
| Withdrawn status | Lost status | Source of classification or shelving scheme | Damaged status | Not for loan | Home library | Current library | Shelving location | Date acquired | Total Checkouts | Full call number | Barcode | Date last seen | Copy number | Price effective from | Koha item type |
|---|---|---|---|---|---|---|---|---|---|---|---|---|---|---|---|
| Dewey Decimal Classification | London | London | Journal article | 15/07/2004 | ABS67983 | 126791-1001 | 06/08/2019 | 1 | 06/08/2019 | Journal article |